De lo rural a lo urbano /

Aunque de lo rural a lo urbano es una antología de trabajos dispersos del autor, la unidad que les confiere el enfoque de un mismo tema han convertido el presente volumen, que acaba de aparecer en Francia, como una de las obras más importantes y más estructuradas de Lefebvre. Recopilados por Mario G...

Full description

Bibliographic Details
Main Author: Lefebvre, Henri 1905-1991
Format: Libro
Language:Spanish
Published: Barcelona Península 1973
Series:Historia, ciencia y sociedad 79
Subjects:
Online Access:

MARC

LEADER 00000cam a2200000 a 4500
001 006581
003 UAHC_CL
005 20170803120247.0
008 050505b1973 sp 000 spa
020 |a 842970910X 
040 |a UAHC_CL  |c UAHC_CL  |d UAHC_CL 
100 1 |a Lefebvre, Henri  |d 1905-1991 
245 1 0 |a De lo rural a lo urbano /  |c Henri Lefebvre. 
260 |b Península  |c 1973  |a Barcelona 
300 |a 268 p. 
490 0 |a Historia, ciencia y sociedad  |v 79 
500 |a HOJA N¼ 199-200 SUELTA Y VARIAS A PUNTO DE DESPRENDERSE. JFR. 29/04/2011. 
520 |a Aunque de lo rural a lo urbano es una antología de trabajos dispersos del autor, la unidad que les confiere el enfoque de un mismo tema han convertido el presente volumen, que acaba de aparecer en Francia, como una de las obras más importantes y más estructuradas de Lefebvre. Recopilados por Mario Gaviria, uno de los mejores conocedores de la obra Henri Lefebvre, los trabajos que ahora se publican tienen, nos advierte el propio autor, "un centro teórico: las relaciones campo-ciudad, a saber, una razón dialéctica, una oposición conflictiva que tiende a trascender simultáneamente los antiguos conceptos de campo y de ciudad en un "tejido urbano" generalizado". 
521 |a Antropología urbana 
650 4 |a SOCIOLOGIA RURAL 
650 4 |a SOCIOLOGIA URBANA 
650 4 |a URBANISMO  |x ASPECTOS SOCIALES 
653 |a ANTROPOLOGIA 
658 |a Márquez, Francisca 
900 |a 307.72 LEF 
942 |c BK 
952 |0 0  |1 0  |4 0  |6 307_720000000000000_LEF  |7 0  |8 General  |9 14347  |a BC  |b BC  |c General  |d 2017-08-03  |l 1  |m 2  |o 307.72 LEF  |p 1348684  |r 2026-01-13 00:00:00  |s 2019-09-13  |t 1  |w 2017-08-03  |x Rayado con lápiz mina. CBB 27.09.2019  |y BK 
952 |0 0  |1 0  |4 0  |6 307_720000000000000_LEF  |7 0  |8 General  |9 14348  |a BC  |b BC  |c General  |d 2017-08-03  |l 3  |m 3  |o 307.72 LEF  |p 1348685  |r 2026-01-13 00:00:00  |s 2018-11-24  |t 2  |w 2017-08-03  |y BK 
952 |0 0  |1 0  |4 0  |6 307_720000000000000_LEF  |7 0  |8 General  |9 14349  |a BC  |b BC  |c General  |d 2017-08-03  |l 2  |o 307.72 LEF  |p 1348686  |r 2026-01-13 00:00:00  |s 2019-09-13  |t 3  |w 2017-08-03  |x Texto con paginas sueltas (pero con todas ) ademas de rayado 13/09/2019 Ocf   |y BK 
999 |c 6581  |d 6581